| 000 | 00844nam a2200205Ia 4500 | ||
|---|---|---|---|
| 003 | GCL | ||
| 008 | 140319s9999 xx 000 0 ara d | ||
| 040 |
_aGCL / _cGCL |
||
| 082 | 0 | 4 |
_a341.759 _bب ا |
| 100 | 1 |
_aيوسف الحسن _vClassifier _@ _٠صÙÙ |
|
| 245 | 1 | 0 |
_aاندماج دراسة فى العلاقة الخاصة بين الولايات المتحدةالامريكية و اسرائيل فى ضوء اتفاقيات التعاون الاستراتيجى والتجارة الحرة بينهما / _cيوسف الحسن |
| 260 |
_a[S.N] : _bدار المستقبل العربى ، _c1986 |
||
| 300 | _a216 ص | ||
| 490 | _a | ||
| 650 | 0 | 4 | _aالولايات المتحدة الامريكية |
| 650 | 0 | 4 | _aالسياسة |
| 650 | 0 | 4 | _aاسرائيل |
| 650 | 0 | 4 | _aالعلاقات الدولية |
| 942 |
_2ddc _cBK |
||
| 999 |
_c55730 _d55730 |
||